000 01098cam a2200349Li 4500
001 93401
005 20230410132921.0
008 090623s19779999sp f b 000 1 spa d
035 _a(OCoLC)ocn494554522
040 _aZWZ
_encafnor
_bfre
_cZWZ
020 _a8424935357
020 _a9788424935351
029 0 _aZWZ
_b134425227
035 _a(OCoLC)494554522
041 1 _aspa
_hgrc
050 1 4 _aB 171
_bB582 1977
100 0 _aHeliodoro.
130 1 _aBiblioteca Clásica Gredos.
245 1 4 _aLas etiópicas o Teágenes y Cariclea /
_cHeliodoro ; introducción, traducción y notas de Emilio Crespo Gèuemes.
246 1 3 _aTeágenes y Cariclea
260 _aMadrid :
_bEditorial Gredos,
_c1977
300 _a478 p. ;
_c20 cm.
440 0 _aBiblioteca clásica Gredos ;
_vn.25
504 _aBibliogr. p. [56]-61. Notes bibliogr.
650 0 _aPhilosophy, Classical.
650 0 _aPhilosophy, Ancient.
650 0 _aPhilosophers, Ancient
_xBiography
700 1 _aCrespo Guemes, Emilio.
_ePréf.
_eTrad.
_eComment.
942 _2lcc
_cbk
946 _amjcruz
994 _aC0
_bDRFGD
999 _c90164
_d90164